|
|
|
|
| LEADER |
00000cam a22000004a 4500 |
| 001 |
musev2_35592 |
| 003 |
MdBmJHUP |
| 005 |
20230905043738.0 |
| 006 |
m o d |
| 007 |
cr||||||||nn|n |
| 008 |
141101t20142014lau o 00 0 eng d |
| 020 |
|
|
|a 9780807156902
|
| 020 |
|
|
|z 9780807156896
|
| 020 |
|
|
|z 9780807156919
|
| 020 |
|
|
|z 9780807156926
|
| 035 |
|
|
|a (OCoLC)894169836
|
| 040 |
|
|
|a MdBmJHUP
|c MdBmJHUP
|
| 100 |
1 |
|
|a Cushman, Stephen,
|d 1956-
|e author.
|
| 245 |
1 |
4 |
|a The Red List :
|b A Poem /
|c Stephen Cushman.
|
| 264 |
|
1 |
|a Baton Rouge :
|b Louisiana State University Press,
|c [2014]
|
| 264 |
|
3 |
|a Baltimore, Md. :
|b Project MUSE,
|c 2014
|
| 264 |
|
4 |
|c ©[2014]
|
| 300 |
|
|
|a 1 online resource (88 pages).
|
| 336 |
|
|
|a text
|b txt
|2 rdacontent
|
| 337 |
|
|
|a computer
|b c
|2 rdamedia
|
| 338 |
|
|
|a online resource
|b cr
|2 rdacarrier
|
| 505 |
0 |
|
|a Cover -- PART 1 -- PART 2 -- Acknowledgments
|
| 520 |
|
|
|a ""'Yes indeed, some days it helps to think of extinction, ' writes Stephen Cushman in his joyride of a jeremiad, The Red List . Baring everything from his soul down to his cholesterol levels, this stargazer, Biblical exegete, and campus flaneur composes a twenty-first-century self-portrait in a funhouse mirror. 'Maybe, could it be, hopelessness is ecstasy?' asks Cushman. Count me a believer. The Red List gives us hope for that endangered literary creature, the American poem.""--Srikanth Reddy, author of Voyager.
|
| 588 |
|
|
|a Description based on print version record.
|
| 650 |
|
7 |
|a American poetry.
|2 fast
|0 (OCoLC)fst00807348
|
| 650 |
|
7 |
|a FICTION
|x General.
|2 bisacsh
|
| 650 |
|
6 |
|a Poesie americaine.
|
| 650 |
|
0 |
|a American poetry.
|
| 655 |
|
7 |
|a Electronic books.
|2 local
|
| 710 |
2 |
|
|a Project Muse.
|e distributor
|
| 830 |
|
0 |
|a Book collections on Project MUSE.
|
| 856 |
4 |
0 |
|z Texto completo
|u https://projectmuse.uam.elogim.com/book/35592/
|
| 945 |
|
|
|a Project MUSE - Custom Collection
|
| 945 |
|
|
|a Project MUSE - 2014 Complete
|
| 945 |
|
|
|a Project MUSE - 2014 Poetry, Fiction and Creative Non-Fiction
|